Normal view
MARC view
- Rao Arsalan
Entry Personal Name
001 - CONTROL NUMBER
- control field: 48087
003 - CONTROL NUMBER IDENTIFIER
- control field: NUST
005 - DATE AND TIME OF LATEST TRANSACTION
- control field: 20210314133953.0
008 - FIXED-LENGTH DATA ELEMENTS
- fixed length control field: 210314|| aca||aabn | a|a d
040 ## - CATALOGING SOURCE
- Original cataloging agency: NUST
- Transcribing agency: NUST
100 ## - HEADING--PERSONAL NAME
- Personal name: Rao Arsalan
670 ## - SOURCE DATA FOUND
- Source citation: Work cat.: (NUST): Rao Arsalan, Improvement of certain properties of concrete by utilizing jehangira bentonite as partial replacement of cement , 8-12-2001
